[Event "Titled Tuesday intern op 14th July"]
[Site "Chess.com INT"]
[Date "2020.07.14"]
[Round "3"]
[White "Antipov, Mikhail Al"]
[Black "Krjukova, Irina"]
[Result "0-1"]
[WhiteElo "2584"]
[BlackElo "2316"]
[PlyCount "57"]
[EventDate "2020.07.14"]
[EventType "swiss (blitz)"]
[EventRounds "10"]
[EventCountry "USA"]
[SourceTitle "CBM 197 Extra"]
[Source "ChessBase"]
[SourceDate "2020.09.30"]
[SourceVersion "1"]
[SourceVersionDate "2020.09.30"]
[SourceQuality "1"]

1. e4 c5 2. Nf3 Nc6 3. Bb5 Nd4 4. Nxd4 cxd4 5. 0-0 a6 6. Ba4 g6 7. d3 Bg7 8. Nd2 b5 9. Bb3 e6 10. f4 Ne7 11. Nf3 Bb7 12. Bd2 0-0 13. a4 Qc7 14. Qe1 f5 15. e5 Bxf3 16. Rxf3 Nc6 17. Bb4 Rfc8 18. Bd6 Qa5 19. Qh4 Qd2 20. a5 Nxa5 21. Rxa5 Qxa5 22. Qe7 Qd8 23. Qxd8+ Rxd8 24. Rf1 Rdc8 25. Ra1 a5 26. Rc1 a4 27. Ba2 Bf8 28. Bxf8 Kxf8 29. Kf2 0-1

[Event "Leon blitz op 33rd"]
[Site "Chess.com INT"]
[Date "2020.07.14"]
[Round "3"]
[White "Horak, Martin"]
[Black "Krjukova, Irina"]
[Result "0-1"]
[WhiteElo "2341"]
[BlackElo "2316"]
[PlyCount "58"]
[EventDate "2020.07.14"]
[EventType "swiss (blitz)"]
[EventRounds "10"]
[EventCountry "ESP"]
[SourceTitle "CBM 197 Extra"]
[Source "ChessBase"]
[SourceDate "2020.09.30"]
[SourceVersion "1"]
[SourceVersionDate "2020.09.30"]
[SourceQuality "1"]

1. e4 c5 2. Nf3 d6 3. Bb5+ Nc6 4. 0-0 Bd7 5. Re1 e5 6. c3 Be7 7. d4 cxd4 8. cxd4 exd4 9. Nxd4 Nf6 10. Nc3 0-0 11. Bf1 Re8 12. h3 h6 13. Ndb5 Be6 14. Be3 a6 15. Nd4 Nxd4 16. Bxd4 Rc8 17. Rc1 Nd7 18. f4 Bh4 19. Re3 Bf6 20. Bxf6 Nxf6 21. Rd3 Qb6+ 22. Kh2 Qxb2 23. Rc2 Qb4 24. a3 Qc5 25. Rcd2 Qa5 26. Qa1 Bc4 27. e5 dxe5 28. fxe5 Qxe5+ 29. Rg3 Bxf1 0-1

[Event "Titled Tuesday intern op 14th July"]
[Site "Chess.com INT"]
[Date "2020.07.14"]
[Round "4"]
[White "Krjukova, Irina"]
[Black "Nguyen, Ngoc Truong Son"]
[Result "1-0"]
[WhiteElo "2316"]
[BlackElo "2641"]
[PlyCount "105"]
[EventDate "2020.07.14"]
[EventType "swiss (blitz)"]
[EventRounds "10"]
[EventCountry "USA"]
[SourceTitle "CBM 197 Extra"]
[Source "ChessBase"]
[SourceDate "2020.09.30"]
[SourceVersion "1"]
[SourceVersionDate "2020.09.30"]
[SourceQuality "1"]

1. e4 c5 2. Be2 Nc6 3. f4 g6 4. Nf3 Bg7 5. 0-0 d6 6. d3 Nf6 7. c3 0-0 8. h3 Rb8 9. Be3 b5 10. Nbd2 b4 11. d4 bxc3 12. bxc3 cxd4 13. cxd4 e6 14. Bf2 Bd7 15. Rc1 Qe7 16. Bh4 Qe8 17. e5 dxe5 18. dxe5 Nd5 19. Nc4 Qc8 20. Nd6 Qc7 21. Qd2 Qb6+ 22. Bf2 Qb4 23. Bc5 Qxd2 24. Nxd2 Rfd8 25. N2e4 Rb2 26. Bc4 Nce7 27. Bxa7 Bc6 28. Bb3 Ba8 29. Bd4 Re2 30. Bc4 Rxe4 31. Nxe4 Nf5 32. Bf2 Nde3 33. Bxe3 Nxe3 34. Rfe1 Nxc4 35. Rxc4 Bd5 36. Rd4 Bf8 37. Nd6 Bxd6 38. exd6 Rxd6 39. a4 Ra6 40. Ra1 Kf8 41. a5 Ke7 42. Rb4 Kd7 43. Rb6 Ra7 44. a6 Kc7 45. Rb4 h5 46. Kf2 Kc6 47. Kg3 Kc5 48. Rb8 h4+ 49. Kxh4 Bxg2 50. Ra3 Bd5 51. Kg5 Kd4 52. Rb4+ Kc5 53. Rb8 1-0

[Event "Leon blitz op 33rd"]
[Site "Chess.com INT"]
[Date "2020.07.14"]
[Round "5"]
[White "Krjukova, Irina"]
[Black "Sankalp, Gupta"]
[Result "1-0"]
[WhiteElo "2316"]
[BlackElo "2429"]
[PlyCount "85"]
[EventDate "2020.07.14"]
[EventType "swiss (blitz)"]
[EventRounds "10"]
[EventCountry "ESP"]
[SourceTitle "CBM 197 Extra"]
[Source "ChessBase"]
[SourceDate "2020.09.30"]
[SourceVersion "1"]
[SourceVersionDate "2020.09.30"]
[SourceQuality "1"]

1. e4 e6 2. d4 d5 3. e5 c5 4. c3 Nc6 5. Nf3 Qb6 6. a3 Nh6 7. b4 cxd4 8. cxd4 Nf5 9. Be3 f6 10. exf6 gxf6 11. Bd3 Nxe3 12. fxe3 Bh6 13. Qe2 e5 14. Bb5 0-0 15. Nc3 Be6 16. Na4 Qc7 17. Nc5 Bf7 18. 0-0 Rae8 19. dxe5 fxe5 20. e4 d4 21. Bc4 Bxc4 22. Qxc4+ Qf7 23. Nd2 Qxc4 24. Nxc4 Rxf1+ 25. Kxf1 Re7 26. Ke2 b6 27. Nd3 Bg7 28. b5 Nd8 29. Rc1 Nf7 30. a4 h5 31. Nb4 Ng5 32. Kd3 Ne6 33. Nd6 Nc5+ 34. Rxc5 bxc5 35. Nc6 Rd7 36. Nc4 Rb7 37. Nxa7 Rxa7 38. a5 Bf8 39. b6 Rd7 40. a6 Rd8 41. a7 Bd6 42. Nxd6 Kf8 43. b7 1-0

[Event "Titled Tuesday intern op 14th July"]
[Site "Chess.com INT"]
[Date "2020.07.14"]
[Round "6"]
[White "Martinez Alcantara, Jose Eduardo"]
[Black "Krjukova, Irina"]
[Result "1-0"]
[WhiteElo "2620"]
[BlackElo "2316"]
[PlyCount "65"]
[EventDate "2020.07.14"]
[EventType "swiss (blitz)"]
[EventRounds "10"]
[EventCountry "USA"]
[SourceTitle "CBM 197 Extra"]
[Source "ChessBase"]
[SourceDate "2020.09.30"]
[SourceVersion "1"]
[SourceVersionDate "2020.09.30"]
[SourceQuality "1"]

1. e4 c5 2. Nf3 Nc6 3. Nc3 d6 4. d4 cxd4 5. Nxd4 Nf6 6. g3 e5 7. Nde2 Be7 8. Bg2 0-0 9. 0-0 Be6 10. Nd5 Rc8 11. c4 Nd7 12. Be3 Nc5 13. Qd2 a5 14. b3 h6 15. h4 Re8 16. Rad1 Bf8 17. Nec3 Bg4 18. Rde1 Ne6 19. Nb5 Ncd4 20. Nxd4 Nxd4 21. Bxd4 exd4 22. Qxd4 Rc5 23. Kh2 b5 24. cxb5 Rxb5 25. Bh3 Bxh3 26. Kxh3 Qc8+ 27. Kg2 Qc2 28. Rc1 Qxe4+ 29. Qxe4 Rxe4 30. Nc3 Rbb4 31. Nxe4 Rxe4 32. Rfe1 Rd4 33. Rc8 1-0

[Event "Titled Tuesday intern op 7th July"]
[Site "Chess.com INT"]
[Date "2020.07.07"]
[Round "2"]
[White "Krjukova, Irina"]
[Black "Khalafova, Narmin Ilgar Qizi"]
[Result "1-0"]
[WhiteElo "2316"]
[BlackElo "2279"]
[PlyCount "65"]
[EventDate "2020.07.07"]
[EventType "swiss (blitz)"]
[EventRounds "10"]
[EventCountry "USA"]
[SourceTitle "CBM 197 Extra"]
[Source "ChessBase"]
[SourceDate "2020.09.30"]
[SourceVersion "1"]
[SourceVersionDate "2020.09.30"]
[SourceQuality "1"]

1. e4 c5 2. f4 g6 3. Nf3 Bg7 4. Be2 d6 5. 0-0 e6 6. d3 Ne7 7. c3 0-0 8. Be3 Nbc6 9. Nbd2 b6 10. Bf2 Rb8 11. d4 h5 12. e5 cxd4 13. cxd4 dxe5 14. dxe5 Nd5 15. g3 b5 16. Ne4 a6 17. Nfg5 f6 18. exf6 Nxf6 19. Rc1 Nxe4 20. Nxe4 Bd7 21. Nc5 Rf7 22. Bd3 Ne7 23. Re1 Bc8 24. Bxg6 Qxd1 25. Bxf7+ Kxf7 26. Rcxd1 Bxb2 27. Rd6 Ba3 28. Rd3 Bxc5 29. Bxc5 Nd5 30. f5 Bd7 31. fxe6+ Bxe6 32. Rf3+ Nf6 33. Bd4 1-0

[Event "Titled Tuesday intern op 7th July"]
[Site "Chess.com INT"]
[Date "2020.07.07"]
[Round "6"]
[White "Krjukova, Irina"]
[Black "Kobo, Ori"]
[Result "0-1"]
[WhiteElo "2316"]
[BlackElo "2449"]
[PlyCount "62"]
[EventDate "2020.07.07"]
[EventType "swiss (blitz)"]
[EventRounds "10"]
[EventCountry "USA"]
[SourceTitle "CBM 197 Extra"]
[Source "ChessBase"]
[SourceDate "2020.09.30"]
[SourceVersion "1"]
[SourceVersionDate "2020.09.30"]
[SourceQuality "1"]

1. e4 g6 2. d4 Bg7 3. Nc3 d6 4. f4 Nf6 5. Nf3 0-0 6. Be3 b6 7. e5 Ng4 8. Bg1 c5 9. dxc5 bxc5 10. Qd5 Qb6 11. Qb3 Nc6 12. 0-0-0 dxe5 13. fxe5 Ngxe5 14. Nd5 Qxb3 15. axb3 Bg4 16. Be2 Bxf3 17. gxf3 e6 18. Nc7 Rac8 19. Na6 Nd4 20. Bxd4 cxd4 21. Kb1 Rfd8 22. Nb4 a5 23. Nd3 Nc6 24. f4 Bh6 25. Rhf1 Rc7 26. c3 dxc3 27. bxc3 Rb8 28. Ka2 Ne7 29. c4 a4 30. bxa4 Rxc4 31. Nb2 Rc2 0-1

[Event "Titled Tuesday intern op 16th June"]
[Site "Chess.com INT"]
[Date "2020.06.16"]
[Round "3"]
[White "Krjukova, Irina"]
[Black "Magalashvili, Davit"]
[Result "0-1"]
[WhiteElo "2316"]
[BlackElo "2456"]
[PlyCount "84"]
[EventDate "2020.06.16"]
[EventType "swiss (blitz)"]
[EventRounds "10"]
[EventCountry "USA"]
[SourceTitle "EXT 2021"]
[Source "ChessBase"]
[SourceDate "2020.10.23"]
[SourceVersion "1"]
[SourceVersionDate "2020.10.23"]
[SourceQuality "1"]

1. e4 c5 2. Nf3 d6 3. d4 cxd4 4. Nxd4 Nf6 5. Nc3 a6 6. Bg5 e6 7. f4 h6 8. Bh4 Qb6 9. a3 Nc6 10. Bf2 Qc7 11. Be2 Be7 12. Qd2 Bd7 13. 0-0 0-0 14. g4 Nxd4 15. Bxd4 Bc6 16. Bf3 e5 17. fxe5 dxe5 18. Be3 Rad8 19. Qf2 Qd7 20. Rad1 Qe6 21. Qg3 b5 22. h4 Rxd1 23. Rxd1 Rd8 24. Rxd8+ Bxd8 25. g5 hxg5 26. hxg5 Nd7 27. Nd5 Bxd5 28. exd5 Qg6 29. Qg2 Bb6 30. Bxb6 Nxb6 31. Be4 Qd6 32. g6 fxg6 33. Kh2 Kf7 34. b3 Nd7 35. c4 bxc4 36. bxc4 Qf6 37. Qf3 Nc5 38. Qxf6+ gxf6 39. Bc2 f5 40. Kg3 Kf6 41. Kf3 e4+ 42. Ke3 Ke5 0-1

[Event "Titled Tuesday intern op 6th June"]
[Site "Chess.com INT"]
[Date "2020.06.02"]
[Round "1"]
[White "Krjukova, Irina"]
[Black "Urh, Zala"]
[Result "1-0"]
[WhiteElo "2316"]
[BlackElo "2108"]
[PlyCount "71"]
[EventDate "2020.06.02"]
[EventType "swiss (blitz)"]
[EventRounds "10"]
[EventCountry "USA"]
[SourceTitle "CBM 196 Extra"]
[Source "ChessBase"]
[SourceDate "2020.07.31"]
[SourceVersion "1"]
[SourceVersionDate "2020.07.31"]
[SourceQuality "1"]

1. e4 c5 2. Nf3 Nc6 3. d4 cxd4 4. Nxd4 Nf6 5. Nc3 e5 6. Ndb5 d6 7. Bg5 a6 8. Na3 b5 9. Nd5 Be7 10. Bxf6 Bxf6 11. c3 Bg5 12. Nc2 Rb8 13. a4 bxa4 14. Ncb4 Nxb4 15. Nxb4 0-0 16. Nc6 Qb6 17. Nxb8 Qxb8 18. Qc2 Be6 19. Bxa6 Bb3 20. Qe2 f5 21. Bc4+ Kh8 22. Bxb3 Qxb3 23. exf5 Rxf5 24. 0-0 h6 25. Ra3 Qf7 26. Rxa4 Bf4 27. g3 Bg5 28. Qc4 Qe8 29. Rfa1 Rf8 30. Ra8 Qxa8 31. Rxa8 Rxa8 32. Qd5 Ra1+ 33. Kg2 Rb1 34. b4 Rc1 35. h4 Bf6 36. c4 1-0

[Event "Titled Tuesday intern op 26th May"]
[Site "Chess.com INT"]
[Date "2020.05.26"]
[Round "2"]
[White "Erigaisi, Arjun Kumar"]
[Black "Krjukova, Irina"]
[Result "1-0"]
[WhiteElo "2559"]
[BlackElo "2316"]
[PlyCount "63"]
[EventDate "2020.05.26"]
[EventType "swiss (blitz)"]
[EventRounds "10"]
[EventCountry "USA"]
[SourceTitle "CBM 196 Extra"]
[Source "ChessBase"]
[SourceDate "2020.07.31"]
[SourceVersion "1"]
[SourceVersionDate "2020.07.31"]
[SourceQuality "1"]

1. b3 d5 2. Bb2 c6 3. c4 e6 4. Nf3 Nf6 5. g3 Nbd7 6. Bg2 Bd6 7. 0-0 0-0 8. d4 b6 9. Nc3 Bb7 10. Nd2 Rc8 11. e4 dxe4 12. Ndxe4 Nxe4 13. Nxe4 Be7 14. Qe2 Qc7 15. Rfd1 Nf6 16. Rac1 Nxe4 17. Bxe4 Bf6 18. Qf3 Rfd8 19. Rc2 Rb8 20. c5 b5 21. Kg2 Rd7 22. h4 Rbd8 23. Rcd2 b4 24. h5 h6 25. Bc2 a5 26. Qe4 Ba6 27. Qh7+ Kf8 28. Re1 Rd5 29. Bd1 Rxc5 30. dxc5 Rxd2 31. Bxf6 gxf6 32. Qxh6+ 1-0

[Event "Titled Tuesday intern op 19th May"]
[Site "Chess.com INT"]
[Date "2020.05.19"]
[Round "5"]
[White "Krjukova, Irina"]
[Black "Albornoz Cabrera, Carlos Daniel"]
[Result "1-0"]
[WhiteElo "2195"]
[BlackElo "2573"]
[PlyCount "57"]
[EventDate "2020.05.19"]
[EventType "swiss (blitz)"]
[EventRounds "10"]
[EventCountry "USA"]
[SourceTitle "EXT 2021"]
[Source "ChessBase"]
[SourceDate "2020.10.23"]
[SourceVersion "1"]
[SourceVersionDate "2020.10.23"]
[SourceQuality "1"]

1. e4 c5 2. Nf3 d6 3. d4 cxd4 4. Nxd4 Nf6 5. Nc3 a6 6. Bg5 Nbd7 7. f4 Qc7 8. Qf3 h6 9. Bxf6 Nxf6 10. f5 Qc5 11. 0-0-0 g5 12. fxg6 Bg4 13. gxf7+ Kxf7 14. Qd3 Bxd1 15. Nxd1 Bg7 16. g3 Nxe4 17. Qxe4 Qxd4 18. Bc4+ Ke8 19. Qxb7 Qa7 20. Qe4 Bf6 21. c3 Kd8 22. h4 Rc8 23. Ne3 Be5 24. Rd1 Rc5 25. b4 Rxc4 26. Qxe5 Kd7 27. Nxc4 Rc8 28. Nxd6 exd6 29. Qg7+ 1-0

[Event "Titled Tuesday intern op 19th May"]
[Site "Chess.com INT"]
[Date "2020.05.19"]
[Round "2"]
[White "Krjukova, Irina"]
[Black "Almeida Quintana, Omar"]
[Result "0-1"]
[WhiteElo "2195"]
[BlackElo "2535"]
[PlyCount "76"]
[EventDate "2020.05.19"]
[EventType "swiss (blitz)"]
[EventRounds "10"]
[EventCountry "USA"]
[SourceTitle "EXT 2021"]
[Source "ChessBase"]
[SourceDate "2020.10.23"]
[SourceVersion "1"]
[SourceVersionDate "2020.10.23"]
[SourceQuality "1"]

1. e4 d6 2. d4 Nf6 3. Nc3 c6 4. f4 Qa5 5. Bd3 e5 6. dxe5 dxe5 7. Nf3 Bg4 8. fxe5 Nfd7 9. h3 Bxf3 10. Qxf3 Nxe5 11. Qg3 g6 12. 0-0 Bg7 13. Qh4 0-0 14. Bh6 Nbd7 15. Bxg7 Kxg7 16. Kh1 Qd8 17. Qg3 Qe7 18. Rad1 Nc5 19. Be2 a5 20. a3 b5 21. Bxb5 cxb5 22. Nd5 Qd6 23. Nf4 Qb8 24. Nh5+ Kh8 25. Nf6 Ra6 26. Qg5 Rxf6 27. Qxf6+ Kg8 28. Rd5 Ncd7 29. Qa6 Qc7 30. Qxb5 Re8 31. Qxa5 Qxc2 32. Rfd1 Nf6 33. R1d2 Qb1+ 34. Rd1 Qxe4 35. R5d2 Nh5 36. Qc3 Qf4 37. Rd4 Ng3+ 38. Kg1 Ne2+ 0-1

[Event "St Petersburg Rudenko Memorial (Women)"]
[Site "St Petersburg"]
[Date "2002.10.??"]
[Round "8.5"]
[White "Dushenok, Anna"]
[Black "Krjukova, Irina"]
[Result "1-0"]
[WhiteElo "2193"]
[BlackElo "2293"]
[PlyCount "165"]
[EventDate "2002.10.??"]
[EventType "swiss"]
[EventRounds "9"]
[EventCountry "RUS"]
[SourceTitle "CBM 091 Extra"]
[Source "ChessBase"]
[SourceDate "2003.01.09"]
[SourceVersion "1"]
[SourceVersionDate "2003.01.09"]
[SourceQuality "1"]

1. d4 e6 2. Nf3 Nf6 3. c4 b6 4. Bf4 Bb7 5. e3 Bb4+ 6. Nbd2 0-0 7. Be2 Be7 8. h3 c5 9. dxc5 bxc5 10. 0-0 d6 11. Qc2 Nc6 12. a3 Qb6 13. Rab1 a5 14. b3 Rfd8 15. Rfd1 h6 16. Rb2 d5 17. Bd3 Qa7 18. cxd5 exd5 19. e4 dxe4 20. Nxe4 Nxe4 21. Bxe4 Nd4 22. Nxd4 cxd4 23. Bh7+ Kh8 24. b4 axb4 25. axb4 Rac8 26. Qb1 Qb6 27. Bd3 Qc6 28. f3 Qf6 29. Bf5 Rc3 30. Re2 Bd6 31. Bd2 Ra3 32. Bc1 Ra4 33. Bd2 Ra3 34. Bd3 Raa8 35. Rde1 Bg3 36. Rf1 Bc7 37. Rc1 Qd6 38. f4 Re8 39. Rxe8+ Rxe8 40. Qa2 Kg8 41. Qc4 Bb6 42. Qb5 Rb8 43. Re1 Kf8 44. Qf5 Qd5 45. Qxd5 Bxd5 46. b5 Ra8 47. Bb4+ Kg8 48. Re7 Rd8 49. Kh2 g6 50. f5 gxf5 51. Bxf5 Kg7 52. Bd3 Kf6 53. Re2 Kg7 54. Kg3 Ra8 55. Bd6 Ra7 56. Kf4 Rd7 57. Bb4 Bc7+ 58. Kg4 Be6+ 59. Kf3 Bd5+ 60. Kf2 Bf4 61. b6 Bb7 62. Ke1 Bg3+ 63. Kd1 h5 64. Kc1 Bf4+ 65. Kb2 h4 66. Kb3 Be3 67. Bc5 Bd5+ 68. Kb4 Bb7 69. Ra2 Kf6 70. Kb5 Ke5 71. Ra7 f5 72. Rxb7 Rxb7 73. Kc6 Rg7 74. Bd6+ Ke6 75. Bc4+ Kf6 76. b7 Rxb7 77. Kxb7 Bf2 78. Kc6 Kg5 79. Be2 f4 80. Be7+ Kf5 81. Kd5 f3 82. Bxf3 d3 83. Be4+ 1-0

[Event "Serpukhov-C"]
[Site "Serpukhov"]
[Date "2002.??.??"]
[Round "4"]
[White "Kochetkov, German"]
[Black "Krjukova, Irina"]
[Result "1-0"]
[WhiteElo "2316"]
[BlackElo "2195"]
[PlyCount "85"]
[EventDate "2002.??.??"]
[EventType "tourn"]
[EventRounds "11"]
[EventCountry "RUS"]
[SourceTitle "EXT 2003"]
[Source "ChessBase"]
[SourceDate "2002.11.25"]
[SourceVersion "1"]
[SourceVersionDate "2002.11.25"]
[SourceQuality "1"]

1. e4 e5 2. Nc3 Nf6 3. g3 d5 4. exd5 Nxd5 5. Bg2 Nxc3 6. bxc3 Bd6 7. Ne2 0-0 8. 0-0 c6 9. d3 Bg4 10. h3 Bh5 11. Rb1 Qc7 12. g4 Bg6 13. Ng3 Nd7 14. h4 f6 15. c4 Nc5 16. h5 Bf7 17. Nf5 Rfe8 18. h6 g6 19. Nxd6 Qxd6 20. Ba3 b6 21. Bxc5 Qxc5 22. Qf3 Re6 23. Qe3 Qd4 24. Qxd4 exd4 25. f4 Rae8 26. Bf3 c5 27. Kf2 Kf8 28. a4 Rb8 29. a5 Be8 30. axb6 axb6 31. Bd5 Re3 32. Rbe1 Rh3 33. Kg2 Rxh6 34. g5 Rh5 35. Bf3 Kf7 36. Bxh5 gxh5 37. gxf6 Kxf6 38. Re5 Bc6+ 39. Kh2 Ba4 40. Rf2 Be8 41. Rfe2 Bf7 42. Re7 b5 43. cxb5 1-0

[Event "Serpukhov-C"]
[Site "Serpukhov"]
[Date "2002.??.??"]
[Round "1"]
[White "Krjukova, Irina"]
[Black "Utnasunov, Alexander"]
[Result "1/2-1/2"]
[WhiteElo "2195"]
[BlackElo "2301"]
[PlyCount "85"]
[EventDate "2002.??.??"]
[EventType "tourn"]
[EventRounds "11"]
[EventCountry "RUS"]
[SourceTitle "EXT 2003"]
[Source "ChessBase"]
[SourceDate "2002.11.25"]
[SourceVersion "1"]
[SourceVersionDate "2002.11.25"]
[SourceQuality "1"]

1. e4 c5 2. Nf3 d6 3. d4 cxd4 4. Nxd4 Nf6 5. Nc3 g6 6. g3 Bg7 7. Bg2 0-0 8. 0-0 Nc6 9. Nde2 Bg4 10. h3 Be6 11. Kh2 Rc8 12. Nd5 Ne5 13. a4 Nc4 14. Ra2 Nb6 15. b3 Nbxd5 16. exd5 Bf5 17. Be3 Be4 18. c4 Bxg2 19. Kxg2 a5 20. Bd4 Nd7 21. Bxg7 Kxg7 22. Re1 Nc5 23. Nd4 Qd7 24. Rae2 Rce8 25. Qa1 Kg8 26. Qc3 e5 27. dxe6 fxe6 28. f4 b6 29. Qf3 Kh8 30. Nb5 e5 31. Qd5 exf4 32. Qd4+ Kg8 33. Qd5+ Kg7 34. Qd4+ Kh6 35. Rxe8 f3+ 36. Kf2 Rxe8 37. Rxe8 Qxe8 38. Kxf3 Qa8+ 39. Ke3 Qg2 40. Qh4+ Kg7 41. Qe7+ Kg8 42. Qe8+ Kg7 43. Qe7+ 1/2-1/2

[Event "RUS-chT club (Women)"]
[Site "St Petersburg"]
[Date "2002.??.??"]
[Round "3"]
[White "Krjukova, Irina"]
[Black "Zainullina, Nataliya"]
[Result "1/2-1/2"]
[WhiteElo "2195"]
[BlackElo "2167"]
[PlyCount "88"]
[EventDate "2002.??.??"]
[EventType "team"]
[EventRounds "7"]
[EventCountry "RUS"]
[SourceTitle "EXT 2004"]
[Source "ChessBase"]
[SourceDate "2003.11.25"]
[SourceVersion "1"]
[SourceVersionDate "2003.11.25"]
[SourceQuality "1"]

1. e4 e5 2. Nf3 Nf6 3. Nc3 Nc6 4. d4 exd4 5. Nxd4 Bb4 6. Nxc6 bxc6 7. Bd3 d5 8. exd5 cxd5 9. 0-0 0-0 10. Bg5 c6 11. Na4 Qd6 12. Bh4 Ng4 13. Bg3 Qf6 14. h3 Nh6 15. c3 Be7 16. Re1 Bf5 17. Be5 Qg6 18. Bxf5 Nxf5 19. Qg4 Rfe8 20. Qxg6 hxg6 21. b3 Bd6 22. Bxd6 Nxd6 23. f3 f6 24. Kf2 Kf7 25. Rad1 Rxe1 26. Rxe1 Re8 27. Rd1 Nb7 28. Rd4 Nd6 29. Nb2 Nb5 30. Rd3 Nc7 31. c4 Rd8 32. cxd5 Rxd5 33. Ke2 Ke6 34. Re3+ Re5 35. Nd3 Rxe3+ 36. Kxe3 Kd6 37. Kd4 Nd5 38. h4 Ne7 39. g4 Nd5 40. a3 Nc7 41. Kc4 Nd5 42. Kd4 Nc7 43. Kc4 Nd5 44. Kd4 Nc7 1/2-1/2

[Event "RUS-chT club (Women)"]
[Site "St Petersburg"]
[Date "2002.??.??"]
[Round "4"]
[White "Mashinskaya, Iulia"]
[Black "Krjukova, Irina"]
[Result "0-1"]
[WhiteElo "2302"]
[BlackElo "2195"]
[PlyCount "144"]
[EventDate "2002.??.??"]
[EventType "team"]
[EventRounds "7"]
[EventCountry "RUS"]
[SourceTitle "EXT 2004"]
[Source "ChessBase"]
[SourceDate "2003.11.25"]
[SourceVersion "1"]
[SourceVersionDate "2003.11.25"]
[SourceQuality "1"]

1. e4 e6 2. d3 d5 3. Qe2 Nf6 4. g3 c5 5. Bg2 Nc6 6. Nf3 Be7 7. 0-0 0-0 8. e5 Nd7 9. c4 a6 10. h4 b5 11. Bf4 Nb6 12. b3 Bb7 13. Nbd2 Qd7 14. Rfd1 Rfd8 15. Nf1 bxc4 16. dxc4 a5 17. Rac1 a4 18. cxd5 exd5 19. Bg5 axb3 20. axb3 Nb4 21. Bxe7 Qxe7 22. Qb5 Nc4 23. Ne3 Ra5 24. Nf5 Qc7 25. bxc4 Rxb5 26. cxb5 Qb6 27. Nd6 Bc8 28. Ng5 Bg4 29. Rd2 Be6 30. Nxe6 fxe6 31. Bh3 Rxd6 32. exd6 Qxd6 33. Re1 e5 34. Ra1 g6 35. Ra8+ Kg7 36. Ra7+ Kh6 37. g4 g5 38. Rda2 Qf8 39. hxg5+ Kxg5 40. Re2 e4 41. Rxh7 Qb8 42. Rh5+ Kg6 43. Re3 Qxb5 44. Bf1 Qb8 45. Be2 c4 46. Reh3 Qf4 47. g5 Qc1+ 48. Kg2 Nd3 49. Rh6+ Kf5 50. Bxd3 cxd3 51. g6 Qg5+ 52. Kf1 Qc1+ 53. Kg2 Kf6 54. R6h5 Kxg6 55. Rxd5 d2 56. Rxd2 Qxd2 57. Re3 Kf5 58. Rg3 Ke5 59. Re3 Kd4 60. Rg3 Qe2 61. Rh3 Qg4+ 62. Rg3 Qf4 63. Rh3 Qd2 64. Rg3 Qd3 65. Rh3 Kc3 66. Rg3 Kd2 67. Rh3 Qe2 68. Rg3 Ke1 69. Re3 Qxe3 70. fxe3 Ke2 71. Kg1 Kxe3 72. Kf1 Kd2 0-1